| 000 | 00741nam a2200229 a 4500 | ||
|---|---|---|---|
| 005 | 20210223130551.0 | ||
| 008 | 080729s1980 mx r 000 0 spa d | ||
| 035 | _aUPN01000158467 | ||
| 049 | _aUNE | ||
| 080 | _a37.014. 22 (540)=20 ALP No.56. | ||
| 245 | 0 | 0 |
_aLiteracy and the adult learner : _bthe psychological barrier. |
| 260 |
_aParís : _bUNESCO ; _aNew York : _bUNICEF , _c1980. |
||
| 300 |
_a18 p. : _bil. |
||
| 440 | 0 |
_aNotes, Comments ... ; _v56. |
|
| 690 | _aAlfabetización de adultos - India | ||
| 690 | _aPsicología educacional - Analfabetismo | ||
| 690 | _aIndia - Alfabetización de adultos | ||
| 710 | 2 |
_aUNICEF _924085 |
|
| 710 | 2 | _aUNESCO | |
| 710 | 2 |
_aWFP. _bPrograma de Alimentación Mundial. |
|
| 905 | _aUNESCO | ||
| 999 |
_c130581 _d130581 |
||